000 00714cam a2200217 i 4500
999 _c121200
_d121200
001 18988524
005 20210129183948.0
008 160224s2016 nyua b 001 0 eng
020 _a9781616895129 (pbk. : alk. paper)
040 _cPK-LaUMT
082 0 0 _a712
_223
_bTAT-L
100 1 _aTatarella, Francesca
245 1 0 _aLabyrinths & mazes :
_ba journey through art, architecture, and landscape /
_cby Francesca Tatarella
260 _aNew York :
_bPrinceton Architectural Press,
_c2016
300 _a216 p. :
_billustrations (chiefly color) ;
_c17 x 25 cm
650 0 _aLabyrinths in art.
650 0 _aSymbolism in architecture.
650 0 _aMaze gardens.
700 1 _aDanford, Natalie,
942 _cBK